Suicide ou Pas Suicide - Statistiques

Statistiques générales
  • Ce quiz a été pris 201 fois
  • Le résultat moyen est 9 sur 12
Statistiques - réponses
Question Réponse % Correct
Louis de Funès Pas Suicide
93%
Coluche Pas Suicide
93%
Kurt Cobain Suicide
90%
John Lennon Pas Suicide
83%
Steve Jobs Pas Suicide
83%
Charlie Chaplin Pas Suicide
83%
Robin Williams Suicide
83%
Bob Marley Pas Suicide
81%
Elvis Presley Pas Suicide
74%
Dalida Suicide
67%
Ernest Hemingway Suicide
48%
Charles Baudelaire Pas Suicide
38%
Aucun quiz correspondant
Distribution des résultats
% des personnes avec chaque résultat
Percentile par nombre de réponses
Votre historique - résultats
Vous n’avez pas pris ce quiz